000 00367nam a2200157Ia 4500
008 230917s9999||||xx |||||||||||||| ||und||
020 _cRS225
040 _e12641
_aMAIN
041 _aEnglish
082 _a301.4442 T738B
100 _aTripathy, S N
245 0 _aBonded labour in India
260 _aDelhi
_bDiscovery
_c1989
300 _axii,219 p.
942 _cBK
999 _c67300
_d67300